000 00689cam a22002291 4500
001 sa 68002880
003 DLC
005 20260227112447.0
008 810428s1966 ii 000 1 tam
010 _asa 68002880
035 _a(OCoLC)21528253
040 _aDLC
_cNN
_dOCoLC
_dCU
_dDLC
042 _apremarc
050 0 0 _aPL4758.9.J3
_bP3
100 0 _aJeyakāntan̲,
_d1934-
245 1 0 _aPārīsukkup pō! /
_c[El̲utiyavar] Jeyakāntan̲. [1. patippu]
260 _aMaturai:
_bMīn̲āṭci Puttaka Nilaiyam,
_c[1966]
300 _a352 p. :
_c18 cm.
500 _aMīnāṭci, 71.
500 _aIn Tamil.
500 _aA novel previously published serially in Ānanta Vikaṭan̲.
999 _c79057
_d79057